00313nam a2200133Ia 4500008004100000041000800041082001500049100002000064245004000084250001400124260000900138300002500147365000700172240624s9999 xx 000 0 und d aeng a332.63 FAB aFABOZZI FRANK J aHANDBOOK OF FIXED INCOME SECURITIES a(7th ed.) c2007 a1495 : p. : cm. ; 22 cRS